Normal view
MARC view
- عبدالهادي، محمد سعيد
Entry Personal Name
001 - CONTROL NUMBER
- control field: 30414
003 - CONTROL NUMBER IDENTIFIER
- control field: JO-AjAnu
005 - DATE AND TIME OF LATEST TRANSACTION
- control field: 20230606075130.0
008 - FIXED-LENGTH DATA ELEMENTS
- fixed length control field: 230606|| aca||aabn | a|a d
040 ## - CATALOGING SOURCE
- Original cataloging agency: JO-AjAnu
- Transcribing agency: JO-AjAnu
100 ## - HEADING--PERSONAL NAME
- Personal name: عبدالهادي، محمد سعيد
670 ## - SOURCE DATA FOUND
- Source citation: Work cat.: (JO-AjAnu)15622: عبدالهادي، محمد سعيد, author, الادارة المالية : الاستثمار والتمويل، التحليل المالي، الاسواق المالية الدولية =Financial Management: investment,finance and financial analysis and international financial markets